| 000 | 00337nam a22001217a 4500 | ||
|---|---|---|---|
| 999 |
_c3725 _d3725 |
||
| 005 | 20201214092710.0 | ||
| 008 | 201214b ||||| |||| 00| 0 eng d | ||
| 020 | _a9781138911277 | ||
| 040 | _cCML | ||
| 245 |
_aWorld Music. _cMiller T.E. |
||
| 260 |
_aNew york _bRoutledge _c2017 |
||
| 942 |
_2ddc _cBK _e4th Edition _h780 _mMIL |
||